All World War 2 Axis Powers - Statistics

General Stats
  • This quiz has been taken 93 times
  • The average score is 7 of 9
Answer Stats
Hint Answer % Correct
27 September, 1940 Italy
100%
27 September, 1940 Germany
99%
27 September, 1940 Japan
97%
1 March, 1941 Bulgaria
89%
23 November, 1940 Romania
89%
20 November, 1940 Hungary
84%
24 November, 1940 Slovakia
56%
10 April, 1941 Croatia
49%
25 March, 1941 (For 2 Days Only) Yugoslavia
47%
No matching quizzes found
Score Distribution
Percent of People with Each Score
Percentile by Number Answered
Your Score History
You have not taken this quiz